| 000 | 00956nam a2200289 4500 | ||
|---|---|---|---|
| 001 | 32119 | ||
| 010 | _a9789892037653 | ||
| 021 |
_aPT _b385705/14 |
||
| 090 | _a32119 | ||
| 100 | _a20170106d2014 c y0pory50030103ba | ||
| 101 | 0 | _apor | |
| 102 | _aPT | ||
| 200 | 1 |
_aO jantar dos animais _fLuísa Ducla Soares _gil. Cristina Completo |
|
| 210 |
_aSesimbra _cCanto das Cores _dD.L. 2014 |
||
| 215 |
_a[26] p. _ctodo il. _d25 cm _e1 CD |
||
| 225 | 2 | _aLivros para cantar | |
| 300 | _aLer + Plano Nacional de Leitura. | ||
| 675 |
_a087.5 _vBN _zpor |
||
| 675 |
_a821.134.3-93"19/20" _vBN _zpor |
||
| 675 |
_a821.134.3-1"19/20" _vBN _zpor |
||
| 700 |
_aSoares _bLuísa Ducla _f1939- _4070 _92431 |
||
| 701 |
_aCompleto _bCristina _f1965- _4440 _93672 |
||
| 702 |
_aCompleto _bDaniel _f1964- _4545 _93673 |
||
| 702 |
_aFanha _bJosé _f1951- _4545 _93671 |
||
| 801 | 0 |
_aPT _bBN _gRPC |
|
| 856 | 4 | 1 | _uhttp://rnod.bn.pt/ImagesBN/winlibimg.aspx?skey=&doc=1952549&img=88425&save=true |
| 990 | _cLIVROS | ||